Word Ladder: Winter Quiz Stats

 Plays Quiz Updated Jan 2, 2018

Challenge
Share
Tweet
Embed
Score 0/20 Timer 02:00
0 Plays Today
Clue 4-Letter Word % Correct
Wintery preciptationSNOW
99.1%
How one drives in icy conditionsSLOW
97.6%
The area above the eyesBROW
95.9%
What the wind does in winterBLOW
95.6%
What your lips do in the winterCHAP
91.5%
Applaud at a Nutcracker showCLAP
91.4%
Chocolate bit in a Christmas cookieCHIP
90.3%
Talon that will catch wintry preyCLAW
81%
Where the fabric meets on a winter coatSEAM
76.8%
Beheld with the eyesSEEN
76.5%
Clue 4-Letter Word % Correct
Actor Bean who knew 'Winter is Coming'SEAN
75.6%
Winter motor-less vehicleSLED
74%
Plant progenitor that won't grow in winterSEED
69.9%
What the ice does upon melting in the springFLOW
65.9%
Error within ice that can lead to a crackFLAW
65.7%
A tool for making cask stavesFROW
55.5%
Pillow covering that's part of warm winter beddingSHAM
51.3%
What the wind does in winterWHIP
44.9%
Sound of a snowball hitting its victimWHAM
36.2%
Wearing shorts outside in winter, e.g.WHIM
31.8%

Today's Daily Dose

You're not logged in!

Compare scores with friends on all Sporcle quizzes.
Join for Free
OR
Log In

You Might Also Like...

Show Comments

Extras

Top Quizzes Today


Score Distribution

Your Account Isn't Verified!

In order to create a playlist on Sporcle, you need to verify the email address you used during registration. Go to your Sporcle Settings to finish the process.

Report this User

Report this user for behavior that violates our Community Guidelines.

Details: